Ricostruisci la Carriera del Calciatore - Vincenzo Iaquinta - Statistics

Statistiche generali
  • Questo quiz è stato fatto 5 volte
  • Il punteggio medio è 2 su 7
Statistiche sulle risposte
Hint Risposta % Corretto
1998-2000 Castel di Sangro
50%
2007-2012 Juventus
50%
2012-2013 Juventus
50%
1998 Padova
25%
1996-1998 Reggiolo
25%
2000-2007 Udinese
25%
2012 Cesena
0%
Nessun quiz corrispondente trovato
Distribuzione punteggi
Percentuale di utenti per punteggio
Percentile per numero di risposta
I tuoi punteggi nel tempo
Non hai fatto questo quiz